| 000 | 00787cac a22002291u 4500 | ||
|---|---|---|---|
| 008 | 081202s 2004xxui |r|||| 001 0 eng d | ||
| 010 | _a2003051307 | ||
| 020 | _a0072523514 (alk. paper) | ||
| 020 | _a0071214755 (international : alk. paper) | ||
| 020 | _a9780071214759 | ||
| 082 | 0 | 0 |
_a657.046 _bHOY _222 |
| 100 |
_aHoyle, Joe Ben. _91432 |
||
| 245 | 1 | 0 |
_aAdvanced accounting / _cJoe B. Hoyle, Thomas F. Schaefer, Timothy S. Doupnik. |
| 250 | _a7th ed. | ||
| 260 |
_aBoston, Mass. : _bMcGraw-Hill/Irwin, _cc2004. |
||
| 300 |
_axxii, 901 p. : _bill. ; _c29 cm. |
||
| 504 | _aIncludes bibliographical references and index. | ||
| 650 | 0 |
_aAccounting. _933519 |
|
| 700 | 1 |
_aSchaefer, Thomas F. _91434 |
|
| 700 | 1 |
_aDoupnik, Timothy S. _933520 |
|
| 942 |
_cBB _k657.046HOY _2ddc |
||
| 999 |
_c1065 _d1065 |
||